000 nam a22 a 4500
999 _c2686
_d2686
003 AKMAL
005 20170517151857.0
008 170517s1994 my e b 000 0 may d
020 _a9839017683 (kkt.) :
_cRM10.00
040 _aAKMAL
_cAKMAL
082 0 4 _a638.1 AHM
_222
090 0 0 _a638.1
_bAHM
100 1 _aAhmed Lathiff
_94508
245 1 0 _aMadu lebah :
_bpenawar penyakit zahir & batin (Al-Quran sebagai penawar) /
_cAhmed Lathiff , Md. Firdaus
260 _aKuala Lumpur :
_bDarul Nu'man,
_c1994
300 _a199ms. :
_c24cm.
500 _aMengandungi ayat-ayat dari Qur'an
504 _aBibliografi: ms. 199
650 1 0 _aHoneybee
_95651
650 2 0 _aBee culture
_95652
700 0 _aMd. Firdaus
_95653
942 _2ddc
_cBOOK